Normal view MARC view
  • Istvansh,

Entry Nombre Personal

Number of records used in: 6

001 - NUMERO DE CONTROL

  • campo de control: 32497

003 - IDENTIFICADOR DE NUMERO DE CONTROL

  • campo de control: UPN

005 - FECHA Y HORA DE LA ÜLTIMA TRANSACCIÓN

  • campo de control: 20210219194433.0

008 - DATOS DE LONGITUD FIJA

  • campo de control de longitud fija: nabaccnnaabn|||||||||| b |nc|||||d

035 ## - NUMERO DE CONTROL

  • Número de control: UPN11000004604

040 ## - FUENTE DE CATALOGACIÓN

  • Lenguaje de catalogación: SPA
  • Agencia de transcripción: UPN

100 0# - ENCABEZAMIENTO - NOMBRE PERSONAL

  • Nombre personal: Istvansh,
  • Fechas asociadas con el nombre: 1968-

400 0# - VEÁSE - NOMBRE DE PERSONA

  • Personal name: Istvan,
  • Dates associated with a name: 1968-

400 1# - VEÁSE - NOMBRE DE PERSONA

  • Personal name: Schritter, Istvan,
  • Dates associated with a name: 1968-

670 ## - FUENTE EN LA QUE SE LOCALIZARON DATOS

  • Cita de la fuente: T
  • Uniform Resource Identifier: http://www.istvansch.com.ar/

680 ## - NOTA PUBLICA DE ACCESO PÚBLICO

  • Frase explicativa de la referencia: Diseñador, ilustrador y escritor argentino

902 ## - CATALOGADOR

  • Catalogador: CAA/310812